Library of the University of Algiers 3
Ibrahim Sultan Cheibout
شعار جامعة الجزائر 3
مكتبة جامعة الجزائر 3
إبراهيم سلطان شيبوط

الثقافة والتراث القومي (رقم التسجيلة. 11823)

تفاصيل مارك
000 -LEADER
fixed length control field 00504nam a2200169Ia 4500
003 - CONTROL NUMBER IDENTIFIER
control field IEPS
005 - DATE AND TIME OF LATEST TRANSACTION
control field 20250703135251.0
008 - FIXED-LENGTH DATA ELEMENTS--GENERAL INFORMATION
fixed length control field 250223s9999||||xx |||||||||||||| ||und||
040 ## - CATALOGING SOURCE
-- IEPS
041 ## - LANGUAGE CODE
Language code of text/sound track or separate title ara
082 ## - DEWEY DECIMAL CLASSIFICATION NUMBER
Classification number 306
245 #0 - TITLE STATEMENT
Title الثقافة والتراث القومي
260 ## - PUBLICATION, DISTRIBUTION, ETC.
Place of publication, distribution, etc. تونس
Name of publisher, distributor, etc. المنظمة العربية للتربية و الثقافة و العلوم
Date of publication, distribution, etc. 1992
300 ## - PHYSICAL DESCRIPTION
Extent 185 ص.
Other physical details غلاف ملون ومصور
Dimensions 24 سم
653 ## - INDEX TERM--UNCONTROLLED
Uncontrolled term الثقافة
942 ## - ADDED ENTRY ELEMENTS (KOHA)
Koha item type كتب
المقتنيات
Withdrawn status Lost status Source of classification or shelving scheme Damaged status Not for loan Home library Current library Date acquired Inventory number Total checkouts Full call number Barcode Date last seen Copy number Price effective from Koha item type
    Dewey Decimal Classification   NOT LOAN / إعارة داخلية مكتبة معهد التربية البدنية و الرياضية مكتبة معهد التربية البدنية و الرياضية 23/02/2025 invar200   306 ث / 1 invar200 23/02/2025 ل ع 91 / 1 23/02/2025 كتب
    Dewey Decimal Classification   Available مكتبة معهد التربية البدنية و الرياضية مكتبة معهد التربية البدنية و الرياضية 23/02/2025 invar201   306 ث / 2 invar201 23/02/2025 ل ع 92 / 2 23/02/2025 كتب
    Dewey Decimal Classification   Available مكتبة معهد التربية البدنية و الرياضية مكتبة معهد التربية البدنية و الرياضية 23/02/2025 invar202   306 ث /3 invar202 23/02/2025 ل ع 93 / 3 23/02/2025 كتب
    Dewey Decimal Classification   Available مكتبة معهد التربية البدنية و الرياضية مكتبة معهد التربية البدنية و الرياضية 23/02/2025 invar203   306 ث /4 invar203 23/02/2025 ل ع 94 / 4 23/02/2025 كتب

موارد الويب المفتوحة


© University of Algiers 3 All Rights Reserved
|
Implemented by LECHELAH Riad